000 00539nam a2200205 a 4500
001 17470
003 CO-ViMGA
008 141112s2004 ck r 000 u spa d
020 _a847176900X
040 _aCO-ViMGA
_bspa
_cCO-ViMGA
082 0 4 _aMASm
100 1 _aMasters, M.
_924781
245 1 0 _aEl misterio del fraude en el maratón
260 _aBarcelona (España),
_cTimun Mas,
_c1994
300 _a121.p.
490 _aResuelve el misterio
650 1 4 _aADIVINANZAS
_9960
650 1 4 _aJUEGOS INFANTILES
_910241
942 _2ddc
_cBK
999 _c26992
_d26992